[Event "Lisbon Christmas op"]
[Site "Lisbon"]
[Date "2014.12.27"]
[Round "2"]
[White "Negrao, Alberto Rodolfo AS"]
[Black "Emberland, Even"]
[Result "1-0"]
[WhiteElo "1771"]
[BlackElo "1913"]
[PlyCount "41"]
[EventDate "2014.12.26"]
[EventType "swiss"]
[EventRounds "9"]
[EventCountry "POR"]
[SourceTitle "EXT 2018"]
[Source "ChessBase"]
[SourceDate "2017.10.13"]
[SourceVersion "1"]
[SourceVersionDate "2017.10.13"]
[SourceQuality "1"]

1. e4 c5 2. Nf3 d6 3. d4 cxd4 4. Nxd4 Nf6 5. Nc3 a6 6. a3 b5 7. Be2 Bb7 8. f3 e6 9. Be3 Be7 10. Qd2 Nbd7 11. g4 h6 12. h4 d5 13. exd5 Nxd5 14. Bf2 g5 15. Nxd5 Bxd5 16. Nf5 Bf6 17. 0-0-0 Qc7 18. Qb4 exf5 19. Rxd5 fxg4 20. Qe4+ Be5 21. Rxe5+ 1-0

[Event "NOR-ch Class2"]
[Site "Lillehammer"]
[Date "2013.06.29"]
[Round "9"]
[White "Emberland, Even"]
[Black "Odegaard, Per Chr"]
[Result "1-0"]
[WhiteElo "1540"]
[BlackElo "1621"]
[PlyCount "53"]
[EventDate "2013.06.29"]
[EventType "swiss"]
[EventRounds "9"]
[EventCountry "NOR"]
[SourceTitle "EXT 2017"]
[Source "ChessBase"]
[SourceDate "2016.10.25"]
[SourceVersion "1"]
[SourceVersionDate "2016.10.25"]
[SourceQuality "1"]

1. d4 Nf6 2. c4 g6 3. Nf3 Bg7 4. g3 0-0 5. Bg2 d6 6. 0-0 c6 7. Nc3 Nbd7 8. a4 h6 9. a5 Qc7 10. Qc2 e5 11. e3 Re8 12. b4 exd4 13. exd4 Nf8 14. Bb2 Bf5 15. Qd2 Ne4 16. Nxe4 Bxe4 17. Ne1 Qe7 18. Nf3 Qf6 19. Nh4 Bxg2 20. Kxg2 g5 21. Nf3 g4 22. Nh4 Ng6 23. Nxg6 Qf3+ 24. Kg1 fxg6 25. Rae1 h5 26. Re3 Bh6 27. Rxe8+ 1-0

[Event "NOR-ch Class2"]
[Site "Lillehammer"]
[Date "2013.06.29"]
[Round "7"]
[White "Emberland, Even"]
[Black "Tangelder, Yonne"]
[Result "1/2-1/2"]
[WhiteElo "1540"]
[BlackElo "1537"]
[PlyCount "94"]
[EventDate "2013.06.29"]
[EventType "swiss"]
[EventRounds "9"]
[EventCountry "NOR"]
[SourceTitle "EXT 2017"]
[Source "ChessBase"]
[SourceDate "2016.10.25"]
[SourceVersion "1"]
[SourceVersionDate "2016.10.25"]
[SourceQuality "1"]

1. d4 Nf6 2. c4 g6 3. Nf3 Bg7 4. g3 0-0 5. Bg2 c6 6. Nc3 d5 7. 0-0 Ne4 8. a4 Bf5 9. Nh4 Nxc3 10. bxc3 Be6 11. cxd5 cxd5 12. Qb3 Qd7 13. Qb5 Nc6 14. Re1 Rfd8 15. Ba3 Rac8 16. e4 dxe4 17. Bxe4 Bf6 18. Rad1 a6 19. Qe2 Na5 20. Bb4 Nc4 21. a5 Qb5 22. Bd3 Qc6 23. Ng2 Bd5 24. Be4 Bxe4 25. Qxe4 e6 26. f4 Rd7 27. Kf2 b6 28. Qxc6 Rxc6 29. axb6 Rxb6 30. Ne3 Rc6 31. Bc5 Nxe3 32. Kxe3 Be7 33. Bxe7 Rxe7 34. Kd3 Rec7 35. Rc1 Kf8 36. Re5 Ra7 37. Ra5 Rb6 38. c4 Rb2 39. Rc2 Rb1 40. c5 Ke7 41. Rca2 Rd1+ 42. Ke3 Re1+ 43. Kd2 Rh1 44. h4 Rg1 45. R2a3 Rg2+ 46. Kc1 Rg1+ 47. Kd2 Rg2+ 1/2-1/2